[Event "FRA-ch Youth 2017"]
[Site "Belfort"]
[Date "2017.04.17"]
[Round "2"]
[White "Martignoni, Margaux"]
[Black "Gospodaru, Teodora"]
[Result "0-1"]
[WhiteElo "1439"]
[BlackElo "1827"]
[Annotator "NA RC"]
[PlyCount "104"]
[EventDate "2017.??.??"]
[EventCountry "FRA"]
[SourceTitle "playchess.com"]
[Source "ChessBase"]
[SourceQuality "1"]
[TimeControl "5400+30"]

1. e4 {[%emt 0:00:00]} c5 {[%emt 0:00:05]} 2. Nc3 {[%emt 0:00:00]} Nc6 {[%emt 0:00:16]} 3. Bc4 {[%emt 0:00:00]} g6 {[%emt 0:00:14]} 4. f4 {[%emt 0:00:00]} Bg7 {[%emt 0:00:08]} 5. Nf3 {[%emt 0:00:16]} e6 {[%emt 0:00:06]} 6. d3 {[%emt 0:00:41]} Nge7 {[%emt 0:00:08]} 7. O-O {[%emt 0:00:24]} O-O {[%emt 0:00:10]} 8. a3 {[%emt 0:00:50]} d5 {[%emt 0:00:13]} 9. Ba2 {[%emt 0:02:20]} Nd4 {B23: Closed Sicilian: Lines without g3} (9... Rb8 10. Qe1 b5 11. Kh1 Nd4 12. Nxd4 cxd4 13. Ne2 Qc7 14. Bb3 dxe4 15. dxe4 Bb7 16. Ng3 Qc6 17. Qf2 {0-1 (36) Drozdova,D (2258)-Popova,N (2314) Khanty-Mansiysk 2014}) 10. Kh1 {[%emt 0:13:43]} b6 {[%emt 0:04:24]} 11. Nxd4 {[%emt 0:06:27]} cxd4 {[%emt 0:00:26]} 12. Ne2 {[%emt 0:00:43]} dxe4 {[%emt 0:04:34]} 13. dxe4 {[%emt 0:01:57]} Bb7 $146 {[%emt 0:02:29]} 14. Ng3 {[%emt 0:02:36]} Qd7 {[%emt 0:07:21]} 15. Qg4 {[%emt 0:07:47]} f5 {[%emt 0:11:44]} 16. exf5 {[%emt 0:01:59]} Nxf5 {[%emt 0:02:13]} 17. Nxf5 {[%emt 0:00:32]} Rxf5 {[%emt 0:01:47]} (17... gxf5 $17 18. Qe2 Be4) 18. Bd2 {[%emt 0:03:13]} Bd5 {[%emt 0:06:02]} 19. Bxd5 {[%emt 0:04:49]} Qxd5 {[%emt 0:01:20]} 20. Rf3 $17 {[%emt 0:02:48]} (20. Rac1 $15) 20... Raf8 {[%emt 0:05:16]} 21. Raf1 {[%emt 0:06:39]} Qc4 {[%emt 0:05:20]} 22. Rc1 {[%emt 0:02:54]} a5 {[%emt 0:11:01]} 23. h3 {[%emt 0:01:26]} Qe2 {[%emt 0:01:10]} 24. Be1 {[%emt 0:10:35]} e5 {[%emt 0:13:36]} 25. Bg3 {[%emt 0:10:44]} e4 {[%emt 0:05:02]} 26. Rf2 {[%emt 0:03:41]} Qxg4 {[%emt 0:01:07]} 27. hxg4 R5f7 {[%emt 0:01:30]} 28. Re2 {[%emt 0:01:20]} e3 {[%emt 0:01:41]} 29. b4 {[%emt 0:03:02]} Rc8 {[%emt 0:01:41]} 30. c3 {[%emt 0:02:46]} Rxc3 {[%emt 0:01:01]} 31. Rxc3 {[%emt 0:00:22]} dxc3 {[%emt 0:00:06]} 32. Rxe3 {[%emt 0:00:15]} c2 {[%emt 0:00:03]} 33. Re1 {[%emt 0:00:59]} Bb2 {[%emt 0:00:19]} 34. bxa5 {[%emt 0:00:56]} bxa5 {[%emt 0:00:18]} 35. a4 {[%emt 0:00:34]} c1=Q {[%emt 0:00:11]} 36. Rxc1 {[%emt 0:00:10]} Bxc1 {[%emt 0:00:03]} 37. Kg1 {[%emt 0:00:50]} Bxf4 {[%emt 0:00:10]} 38. Bf2 {[%emt 0:00:13]} Bh2+ {[%emt 0:00:24]} 39. Kxh2 {[%emt 0:00:29]} Rxf2 {[%emt 0:00:04]} 40. Kg3 {[%emt 0:00:14]} Ra2 {[%emt 0:00:03]} 41. Kf3 {[%emt 0:00:34]} Rxa4 {[%emt 0:00:05]} 42. g3 {[%emt 0:00:06]} Kf7 {[%emt 0:00:04]} 43. g5 {[%emt 0:01:30]} Rb4 {[%emt 0:00:04]} 44. Ke2 {[%emt 0:00:13]} a4 {[%emt 0:00:05]} 45. Kd2 {[%emt 0:00:10]} a3 {[%emt 0:00:22]} 46. Kc3 {[%emt 0:00:09]} Rb8 {[%emt 0:00:02]} 47. Kc2 {[%emt 0:01:01]} a2 {[%emt 0:00:03]} 48. Kd2 {[%emt 0:00:11]} a1=Q {[%emt 0:00:07]} 49. Kc2 {[%emt 0:00:09]} Qd4 {[%emt 0:00:10]} 50. Kc1 Rc8+ {[%emt 0:00:04]} 51. Kb1 {[%emt 0:00:23]} Qb6+ {[%emt 0:00:05]} 52. Ka2 {[%emt 0:00:06]} Ra8# {[%emt 0:00:02]} 0-1

[Event "FRA-ch Youth 2017"]
[Site "Belfort"]
[Date "2017.04.17"]
[Round "3"]
[White "Burri, Quentin"]
[Black "Lux, Hugo de Melo"]
[Result "1-0"]
[WhiteElo "2372"]
[BlackElo "2089"]
[Annotator "TA"]
[PlyCount "81"]
[EventDate "2017.??.??"]
[EventCountry "FRA"]
[SourceTitle "playchess.com"]
[Source "ChessBase"]
[SourceQuality "1"]

{[%evp 14,81,61,44,48,54,51,37,59,56,64,47,102,85,92,92,99,99,87,67,124,125,115,116,108,92,100,0,37,23,236,250,251,237,228,241,233,232,389,387,387,387,400,392,400,400,400,400,395,393,479,478,461,464,706,706,677,670,987,971,957,900,1911,1854,1871,961,945,818,809,809]} 1. e4 c5 2. Nf3 e6 3. d4 cxd4 4. Nxd4 a6 5. Bd3 Bc5 6. Nb3 Be7 7. Qg4 g6 8. Qe2 d6 {B42: Sicilian: Kan Variation: 5 Bd3} 9. O-O (9. c4 Nc6 10. Nc3 Ne5 11. O-O Nf6 12. Bh6 Nfg4 13. Bg7 Rg8 14. Bxe5 Nxe5 15. f4 Nc6 16. Kh1 {½-½ (45) Bologan,V (2640)-Vitiugov,N (2726) Tallinn 2016}) 9... Nd7 10. Na3 Qc7 {White is slightly better.} 11. Nc4 b6 12. a4 Bb7 {[#]} (12... Ngf6 $14) 13. a5 $1 $16 b5 14. Nb6 $1 {[%cal Rb6a8]} Nxb6 15. axb6 Qxb6 16. Na5 Bc8 $146 (16... Nf6 $14) 17. Be3 $36 {[%mdl 2048] Keeping Black busy.} Qc7 18. c4 b4 19. e5 dxe5 {With the idea ...f5.} 20. Be4 ({White should try} 20. Qf3 $16 Rb8 21. Qc6+ (21. Nc6 Bb7 22. Be4 f5 23. Nxb8 fxe4 24. Nxa6 Bxa6 25. Qxe4 Bb7 $11) 21... Qxc6 22. Nxc6) 20... Rb8 $14 21. Nc6 Rb6 $2 (21... f5 $1 $11 {and Black is okay.}) 22. Bxb6 $18 Qxb6 23. Bf3 (23. Nxe5 $6 Nf6 24. Bf3 (24. Bc6+ Kf8 25. Rfd1 Kg7 $16) 24... O-O $16) 23... Bf6 24. c5 ({Much less strong is} 24. Nxe5 $6 Ne7 25. Ra4 O-O $16) 24... Qc7 25. Nxb4 Ne7 $2 (25... Kf8 26. Nxa6 Bxa6 27. Qxa6 Qxc5) 26. Nxa6 Bxa6 27. Qxa6 ({Don't take} 27. Rxa6 O-O 28. c6 Nf5 $18) 27... O-O 28. Qa7 Rc8 29. Qxc7 Rxc7 30. Ra8+ Kg7 31. b4 {[%cal Bb2b4,Bb4b5,Bb5b6,Bb6b7][%mdl 32]} Nd5 32. Bxd5 {White is clearly winning.} exd5 {[%mdl 4096] Endgame KRR-KRB} 33. Rb1 d4 (33... Be7 $142 34. Rba1 Kf6 35. R1a6+ Kf5 36. g4+ Kxg4) 34. b5 {[#] aiming for b6.} Rxc5 35. b6 {Black must now prevent b7.} d3 36. b7 d2 37. Rd1 Rc1 38. Ra1 Rxa1 39. Rxa1 e4 40. Rd1 Be5 41. Rxd2 1-0

[Event "FRA-ch Youth 2017"]
[Site "Belfort"]
[Date "2017.04.17"]
[Round "3"]
[White "Kambrath, Yannick"]
[Black "Dudognon, Thibault"]
[Result "1-0"]
[WhiteElo "2341"]
[BlackElo "2218"]
[Annotator "TA"]
[PlyCount "81"]
[EventDate "2017.??.??"]
[EventCountry "FRA"]
[SourceTitle "playchess.com"]
[Source "ChessBase"]
[SourceQuality "1"]

{[%evp 17,81,4,0,-18,6,14,62,48,60,50,53,40,75,66,81,59,55,51,53,45,79,44,52,0,87,47,80,84,87,68,67,59,59,59,57,57,57,57,61,71,76,71,55,57,85,64,110,91,202,197,218,160,204,57,103,74,146,147,493,500,29998,1216,1165,1133,29987,29988]} 1. Nf3 d5 2. g3 Bg4 3. Bg2 Nd7 4. O-O c6 5. d3 Ngf6 6. Qe1 e5 7. e4 dxe4 8. dxe4 Qc7 {A07: Réti Opening: New York and Capablanca Systems} (8... Bc5 9. Nbd2 O-O 10. h3 Bh5 11. a4 Qc7 12. Nb3 Be7 13. Nh4 Rfe8 14. Be3 Bf8 15. g4 Bg6 16. Nf5 a5 17. Qe2 Nb6 18. Ng3 Nfd7 {1-0 (59) Svidler,P (2759)-Bok,B (2613) Biel 2016}) 9. Nbd2 h6 {LiveBook: 6 Games} 10. Nh4 $146 (10. h3 Be6 11. Qe2 Bc5 12. Nh4 O-O-O 13. c3 a6 14. b4 Ba7 15. a4 g5 16. Nf5 Bxf5 17. exf5 {0-1 (29) Piorun,K (2609)-Sasikiran,K (2639) Berlin 2015}) 10... O-O-O {The position is equal.} 11. a4 Be6 12. Qe2 g6 13. Nc4 Nb6 14. Ne3 a5 15. Bd2 Nc4 16. Bc3 Nxe3 17. Qxe3 (17. fxe3 Bg7 $11) 17... b6 18. Nf3 Nd7 19. Rfd1 f6 20. Qe1 (20. Nh4 $14) 20... c5 (20... g5 $11 {keeps the balance.}) 21. Nh4 {[%cal Bf3h4,Bh4g2,Bg2e3,Be3d5][%mdl 32]} Bf7 22. Bh3 Be7 23. Ng2 h5 24. Ne3 h4 25. Qf1 Kb7 26. Nd5 Bxd5 $1 27. Rxd5 hxg3 28. hxg3 Nb8 29. Rad1 Rxd5 30. Rxd5 Bd6 31. Bg2 c4 32. Qd1 Bb4 (32... Bc5 $16) 33. Bxb4 $18 axb4 34. Qg4 Qf7 35. f4 ({White should play} 35. c3 $18) 35... Re8 ({Don't capture} 35... exf4 $2 36. e5 Ka6 37. Qxf4 $18) 36. Bf1 f5 (36... Rh8 $142) 37. Qf3 $16 fxe4 $2 {[%mdl 8192]} (37... Nc6 $16 {is more resistant.}) 38. Qxe4 $18 {[#] White threatens Rd7+ and mate.} exf4 (38... Ka7 $18 39. Rxe5 Rxe5 40. fxe5 Qb7 41. Qxc4 Nc6) 39. Re5+ ({Not} 39. Qxc4 fxg3 40. Rd2 Qxc4 41. Bxc4 Kc7 $14) (39. Rd7+ $142 Kc8 40. Qb7# (40. Rxf7 Rxe4 41. Rxf4 Rxf4 42. gxf4 c3 43. bxc3 bxc3 $16)) 39... Nc6 40. Rxe8 {Hoping for Bg2.} fxg3 41. Bg2 1-0

[Event "FRA-ch Youth 2017"]
[Site "Belfort"]
[Date "2017.04.17"]
[Round "3"]
[White "Laurent-Paoli, Pierre"]
[Black "Heliot, Xabi"]
[Result "1/2-1/2"]
[WhiteElo "2298"]
[BlackElo "2081"]
[Annotator "TA"]
[PlyCount "62"]
[EventDate "2017.??.??"]
[EventCountry "FRA"]
[SourceTitle "playchess.com"]
[Source "ChessBase"]
[SourceQuality "1"]

{[%evp 16,62,72,48,55,35,29,44,37,13,0,-7,-9,-97,-74,-93,-92,-112,-68,-67,-63,-67,-65,-58,-57,-64,-69,-104,-73,-71,-67,-98,-93,-98,0,-115,0,0,0,0,0,0,0,0,0,0,0,0,0]} 1. d4 Nf6 2. Bg5 e6 3. e4 h6 4. Bxf6 Qxf6 5. c3 d6 6. Bd3 e5 {A45: Trompowsky Attack} (6... g6 7. Ne2 Bg7 8. O-O Qe7 9. f4 Nd7 10. Nd2 e5 11. Nf3 exd4 12. cxd4 O-O 13. Qd2 c5 14. Rae1 cxd4 15. Nexd4 {1-0 (32) Moiseenko,A (2657)-Aleksandrov,A (2574) Doha 2016}) 7. Ne2 Nc6 8. O-O g5 9. Na3 {[%cal Bb1a3,Ba3c2,Bc2e3][%mdl 32] LiveBook: 5 Games} Bd7 10. Nc2 $146 (10. Bb5 a6 11. Bxc6 Bxc6 12. d5 Bd7 13. Nc4 Qg6 14. Ng3 {0-1 (27) Meyer,K (2148)-Armbruster,A (2318) Germany 2014}) 10... h5 11. Ne3 Ne7 12. Qb3 O-O-O 13. a4 g4 14. f4 (14. Bb5 $11) 14... Bh6 $17 {[%cal Re5f4]} 15. Nf5 Nxf5 (15... Bxf5 16. exf5 exd4 17. Nxd4 $11) 16. exf5 exf4 (16... exd4 $5 {feels hotter.} 17. Nxd4 c6 18. Qa2 h4 19. a5 d5) 17. Nxf4 Bxf4 (17... Bxf5 $2 18. Nd5 Qh4 19. g3 Bxd3 20. gxh4 $18) 18. Rxf4 Rde8 19. Raf1 Re7 20. Bc4 Rhe8 21. a5 Bc6 22. a6 {[#] d5 is the strong threat.} b6 23. Bd5 Bxd5 24. Qxd5 Qg5 ({Black should try} 24... Re1 $17) 25. Qc4 (25. Qc6 $11 {remains equal.}) 25... f6 (25... h4 $17 {Threatens to win with ...h3.} 26. f6 (26. Qc6 Re1 27. f6 Rxf1+ 28. Rxf1 Qe3+ 29. Kh1 Qe2 $17) 26... d5) 26. d5 {The position is equal.} Re1 27. g3 h4 {[%cal Bh5h4,Bh4g3][%mdl 32] [#] Hoping for ...hxg3.} 28. Qc6 hxg3 29. Qa8+ (29. hxg3 $2 R1e3 30. R1f2 Qh6 31. Qa8+ Kd7 32. Qc6+ Kd8 33. Qa8+ Ke7 $19) 29... Kd7 30. Qc6+ Kc8 {( -> ...Rxf1+)} (30... Kd8 $5 31. Qa8+ $8 (31. hxg3 $2 R1e3 32. Qa8+ Ke7 33. Qxe8+ Kxe8 $19) 31... Kd7 32. Qc6+ Kd8 33. Qa8+ (33. hxg3 $2 R1e3 34. Qa8+ Ke7 $19) 33... Kd7 $11) 31. Qa8+ ({Don't take} 31. hxg3 $2 R1e3 32. Kg2 Qh5 33. Qa8+ (33. Rh1 {leads to mate.} Re2+ 34. Kg1 Re1+ 35. Rf1 Rxf1+ 36. Kxf1 Qxf5+ 37. Kg1 Re1+ 38. Kh2 Qf2#) 33... Kd7 34. Qc6+ Kd8 35. Qa8+ Ke7 36. Qxe8+ Kxe8 $19) 31... Kd7 1/2-1/2

[Event "FRA-ch Youth 2017"]
[Site "Belfort"]
[Date "2017.04.17"]
[Round "3"]
[White "Eugene, Floryan"]
[Black "Callet, Antoine"]
[Result "1-0"]
[WhiteElo "2271"]
[BlackElo "2068"]
[Annotator "TA"]
[PlyCount "67"]
[EventDate "2017.??.??"]
[EventCountry "FRA"]
[SourceTitle "playchess.com"]
[Source "ChessBase"]
[SourceQuality "1"]

{[%evp 17,67,3,-10,3,25,13,22,23,43,41,58,56,62,26,33,37,42,31,44,-14,30,-11,-2,-18,-18,-9,-13,-5,22,29,82,67,143,152,141,135,158,145,153,118,156,83,129,128,177,168,182,177,156,131,172,170]} 1. e4 c5 2. Nf3 e6 3. g3 Nc6 4. Bg2 d5 5. exd5 {B40: Sicilian: 2...e6, Unusual lines} exd5 6. d4 Nf6 7. O-O Be7 8. dxc5 Bxc5 9. Nbd2 O-O {LiveBook: 12 Games} 10. Nb3 Be7 (10... Bb6 11. c3 Ne4 12. Be3 Bxe3 13. fxe3 {½-½ (50) Tomashevsky,E (2716)-Najer,E (2679) Doha 2016}) 11. Bf4 $146 (11. Nbd4 Bg4 12. Re1 Rc8 13. c3 {0-1 (21) Schut,L (2262)-Muhren,B (2300) Amstelveen 2015}) 11... Re8 12. c3 Ne4 13. Nfd4 Bf6 14. Re1 g5 {And now ...Nxd4 would win.} 15. Nxc6 bxc6 16. Be3 Bf5 17. Bd4 Bg6 18. Qf3 (18. Nc5 $14) 18... Re6 19. Rad1 Bxd4 20. Nxd4 Rf6 21. Qe3 Nxf2 22. Rd2 Ne4 (22... Ng4 $5 {with more complications.} 23. Qe2 h5 24. h3 Nh6 25. Qe5 Rc8) 23. Bxe4 Bxe4 (23... dxe4 $11 24. Nxc6 Qb6) 24. Qxg5+ $16 Rg6 (24... Kf8 $1 $14) 25. Qxd8+ Rxd8 {[#]} 26. Nxc6 $1 {[%mdl 512]} ({Much worse is} 26. b4 $6 Rc8 $14) 26... Rxc6 {[#]} 27. Rxe4 $1 {[%mdl 512]} dxe4 28. Rxd8+ {[%mdl 4096] Endgame KR-KR} Kg7 29. Kf2 ({White should try} 29. Rd4) 29... Rh6 30. h4 Rf6+ 31. Ke3 {White is clearly better.} Rf3+ 32. Kxe4 Rxg3 33. Kf4 Rg2 34. Rb8 1-0

[Event "FRA-ch Youth 2017"]
[Site "Belfort"]
[Date "2017.04.17"]
[Round "3"]
[White "Viennot, Dylan"]
[Black "Caloone, Thomas"]
[Result "1/2-1/2"]
[WhiteElo "2263"]
[BlackElo "2149"]
[Annotator "NA"]
[PlyCount "87"]
[EventDate "2017.??.??"]
[EventCountry "FRA"]
[SourceTitle "playchess.com"]
[Source "ChessBase"]
[SourceQuality "1"]
[TimeControl "5400+30"]

1. Nc3 {[%emt 0:00:00]} Nf6 {[%emt 0:03:51]} 2. d4 {[%emt 0:01:09]} d5 {[%emt 0:09:47]} 3. Bf4 {[%emt 0:00:47]} e6 {[%emt 0:04:51]} 4. Qd2 {[%emt 0:00:22]} Bd7 {[%emt 0:02:26] D00: 1 d4 d5: Unusual lines} (4... Bb4 5. f3 c5 6. e3 Nh5 7. Bb5+ Nc6 8. Nge2 Nxf4 9. Nxf4 O-O 10. Bxc6 bxc6 11. Nd3 cxd4 12. Nxb4 dxc3 13. Qxc3 {0-1 (86) Akerman,A (2103)-De Verdier,M (2371) Sweden 2013}) 5. e3 {[%emt 0:07:57]} a6 $146 {[%emt 0:04:41]} (5... c5 6. Nf3 a6 7. Be2 Nc6 8. O-O Be7 9. Ne5 b5 10. Bf3 Rc8 11. a4 b4 12. Ne2 {0-1 (28) Ilic,I (2130)-Samar,R Sydney 1999}) 6. Bd3 {[%emt 0:02:36]} c5 {[%emt 0:09:49]} 7. dxc5 {[%emt 0:01:56]} Bxc5 {[%emt 0:00:15]} 8. Nf3 {[%emt 0:00:36]} Bc6 {[%emt 0:02:27]} 9. Ne5 {[%emt 0:06:33]} Bd6 {[%emt 0:07:18]} 10. O-O {[%emt 0:08:34]} Qc7 {[%emt 0:06:24]} 11. Nxc6 {[%emt 0:01:58]} Nxc6 {[%emt 0:00:19]} 12. Bxd6 {[%emt 0:01:49]} Qxd6 {[%emt 0:00:11]} 13. Qe2 {[%emt 0:02:12]} O-O {[%emt 0:02:21]} 14. Rfd1 {[%emt 0:12:05]} Qb4 {[%emt 0:11:37]} 15. Rab1 {[%emt 0:01:27]} Ne5 {[%emt 0:04:09]} 16. Qd2 {[%emt 0:17:26]} Nxd3 {[%emt 0:00:47]} 17. cxd3 {[%emt 0:01:56]} Rac8 {[%emt 0:11:23]} 18. Ne4 {[%emt 0:09:27]} Qxd2 {[%emt 0:00:17]} 19. Nxf6+ {[%emt 0:00:02]} gxf6 {[%emt 0:00:13]} 20. Rxd2 {[%emt 0:00:01]} f5 {[%emt 0:00:50]} 21. d4 {[%emt 0:02:21]} Rc4 {[%emt 0:00:33]} 22. Kf1 {[%emt 0:00:05]} Rfc8 {[%emt 0:00:31]} 23. Ke2 {[%emt 0:00:45]} Kf8 {[%emt 0:00:45]} 24. h3 {[%emt 0:01:01]} h5 {[%emt 0:00:19]} 25. Kf3 {[%emt 0:00:38]} Kg7 {[%emt 0:01:03]} 26. Rg1 {[%emt 0:04:07]} Rc1 {[%emt 0:00:22]} 27. Rxc1 {[%emt 0:00:05]} Rxc1 {[%emt 0:00:04]} 28. Kf4 {[%emt 0:01:05]} Kf6 {[%emt 0:00:42]} 29. f3 {[%emt 0:01:58]} b5 {[%emt 0:06:09]} 30. b3 {[%emt 0:00:36]} a5 {[%emt 0:00:32]} 31. Rf2 {[%emt 0:01:47]} a4 {[%emt 0:00:50]} 32. bxa4 {[%emt 0:00:01]} bxa4 {[%emt 0:00:01]} 33. g4 {[%emt 0:00:43]} fxg4 {[%emt 0:00:10]} 34. fxg4 {[%emt 0:00:10]} hxg4 {[%emt 0:00:04]} 35. Kxg4+ {[%emt 0:01:12]} Kg6 {[%emt 0:00:06]} 36. h4 {[%emt 0:01:15]} Rg1+ {[%emt 0:01:37]} 37. Kf4 {[%emt 0:03:30]} f6 {[%emt 0:02:14]} 38. Rb2 {[%emt 0:00:51]} Kh5 {[%emt 0:00:09]} 39. Rb4 {[%emt 0:00:51]} Kxh4 {[%emt 0:00:19]} 40. Kf3 {[%emt 0:00:43]} Kg5 {[%emt 0:02:19]} 41. Rxa4 {[%emt 0:00:26]} Kf5 {[%emt 0:00:17]} 42. Ra5 {[%emt 0:00:16]} Rf1+ {[%emt 0:00:44]} 43. Ke2 {[%emt 0:00:02]} Ra1 {[%emt 0:00:17]} 44. Kf3 $11 {[%emt 0:03:10]} 1/2-1/2

[Event "FRA-ch Youth 2017"]
[Site "Belfort"]
[Date "2017.04.17"]
[Round "3"]
[White "Tahay, Alexis"]
[Black "Lever, Erwan"]
[Result "1-0"]
[WhiteElo "2239"]
[BlackElo "2129"]
[Annotator "NA"]
[PlyCount "61"]
[EventDate "2017.??.??"]
[EventCountry "FRA"]
[SourceTitle "playchess.com"]
[Source "ChessBase"]
[SourceQuality "1"]
[TimeControl "5400+30"]

1. e4 {[%emt 0:02:34]} c5 {[%emt 0:00:07]} 2. Nf3 {[%emt 0:00:06]} d6 {[%emt 0:00:05]} 3. d4 {[%emt 0:00:02]} cxd4 {[%emt 0:00:08]} 4. Nxd4 {[%emt 0:00:03]} Nf6 {[%emt 0:00:06]} 5. Nc3 {[%emt 0:00:02]} a6 {[%emt 0:00:07]} 6. Nb3 {[%emt 0:00:14]} e6 {[%emt 0:02:04] B90: Sicilian Najdorf: Unusual White 6th moves, 6 Be3 Ng4 and 6 Be3 e5} (6... e5 7. Bg5 Be7 8. Bxf6 Bxf6 9. Qd3 Be6 10. O-O-O Be7 11. Nd5 Bxd5 12. Qxd5 Qc7 13. Kb1 O-O 14. Na5 Nc6 15. Nc4 Rad8 {1-0 (50) Grischuk,A (2737)-Nepomniachtchi,I (2767) Doha 2016}) 7. g3 {[%emt 0:02:33]} b5 {[%emt 0:05:31]} 8. Bg2 {[%emt 0:00:15]} Bb7 {[%emt 0:00:06]} 9. a3 {[%emt 0:01:30]} Nbd7 {[%emt 0:03:42]} 10. O-O {[%emt 0:00:30]} Qc7 {[%emt 0:01:11]} 11. f4 $146 {[%emt 0:02:52]} (11. Re1 Be7 12. Bd2 O-O 13. Na2 Rac8 14. Rc1 {1-0 (63) Cruz Pino,A (2094)-Ramirez Medina,V (2196) Las Palmas 2016}) 11... Be7 {[%emt 0:01:08]} 12. Qe2 {[%emt 0:06:41]} O-O {[%emt 0:07:45]} 13. Bd2 {[%emt 0:00:57]} Rac8 {[%emt 0:02:02]} 14. Rae1 {[%emt 0:02:00]} Nb6 {[%emt 0:09:46]} 15. f5 {[%emt 0:05:00]} exf5 {[%emt 0:13:36]} 16. exf5 {[%emt 0:01:07]} Bxg2 {[%emt 0:02:17]} 17. Qxg2 {[%emt 0:04:49]} Nc4 {[%emt 0:02:08]} 18. g4 {[%emt 0:00:57]} Nxd2 {[%emt 0:12:58]} 19. Nxd2 {[%emt 0:01:12]} Rfe8 {[%emt 0:04:48]} 20. g5 {[%emt 0:08:42]} Nd7 {[%emt 0:00:17]} 21. Nd5 {[%emt 0:03:16]} Qc5+ {[%emt 0:00:55]} 22. Kh1 {[%emt 0:14:01]} Bf8 {[%emt 0:04:22]} (22... Bxg5 $11 23. Rxe8+ Rxe8) 23. c3 {[%emt 0:03:10]} Re5 {[%emt 0:03:35]} 24. Rxe5 {[%emt 0:01:34]} dxe5 {[%emt 0:00:46]} 25. Rd1 {[%emt 0:03:20]} Nb6 {[%emt 0:01:24]} 26. Nb3 {[%emt 0:02:40]} Qc6 {[%emt 0:00:47]} 27. Na5 {[%emt 0:00:25]} Qd7 $18 {[%emt 0:01:47]} ({Inferior is} 27... Qc5 28. b4 Qxd5 29. Rxd5) (27... Qe8 $142 28. Nxb6 Rd8) 28. Nf6+ {[%emt 0:00:47]} gxf6 {[%emt 0:00:05]} 29. Rxd7 {[%emt 0:00:40]} Nxd7 {[%emt 0:00:06]} 30. gxf6+ {[%emt 0:00:43]} Kh8 {[%emt 0:00:07]} 31. Qb7 {[%emt 0:00:28]} 1-0

[Event "FRA-ch Youth 2017"]
[Site "Belfort"]
[Date "2017.04.17"]
[Round "3"]
[White "Cohen Revivo, Shoham"]
[Black "Decuigniere, Tom"]
[Result "1/2-1/2"]
[WhiteElo "2221"]
[BlackElo "1909"]
[Annotator "NA"]
[PlyCount "46"]
[EventDate "2017.??.??"]
[EventCountry "FRA"]
[SourceTitle "playchess.com"]
[Source "ChessBase"]
[SourceQuality "1"]
[TimeControl "5400+30"]

1. d4 {[%emt 0:00:00]} Nf6 {[%emt 0:00:17]} 2. c4 {[%emt 0:00:02]} e6 {[%emt 0:00:22]} 3. Nf3 {[%emt 0:00:41]} Bb4+ {[%emt 0:02:22]} 4. Nc3 {[%emt 0:00:48]} c5 {[%emt 0:07:35]} 5. e3 {[%emt 0:00:35]} Bxc3+ {[%emt 0:05:56] LiveBook: 34 Games} 6. bxc3 {[%emt 0:00:17]} b6 {[%emt 0:06:42]} 7. Bd3 {[%emt 0:00:13]} Bb7 {[%emt 0:01:52]} 8. O-O {[%emt 0:00:13]} O-O {[%emt 0:00:52]} 9. Rb1 {[%emt 0:03:38] E43: Nimzo-Indian: Rubinstein: 4...b6} (9. Nd2 Nc6 10. Nb3 Ba6 11. Re1 Rc8 12. a4 d6 13. Bf1 Re8 14. e4 cxd4 15. cxd4 e5 16. d5 Nb8 17. Nd2 {½-½ (44) Aleksandrov,A (2595)-Vitiugov,N (2742) St Petersburg 2014}) 9... d6 {[%emt 0:04:13]} 10. Re1 {[%emt 0:04:14]} (10. Qe2 Ne4 11. Bb2 f5 12. Nd2 Nd7 13. Bxe4 fxe4 14. Qg4 Rf6 15. Nxe4 Rg6 16. Qf4 e5 {0-1 (55) Torres Jimenez,L (2007)-Velazquez Montada,Y (1977) Havana 2010}) 10... Ne4 {[%emt 0:10:49]} 11. Qc2 {[%emt 0:00:26]} f5 {[%emt 0:00:21]} 12. Nd2 {[%emt 0:01:11]} Qh4 {[%emt 0:04:40]} 13. Rf1 {[%emt 0:03:30]} Nxd2 {[%emt 0:01:32]} 14. Qxd2 {[%emt 0:08:52]} Bxg2 {[%emt 0:00:57]} 15. Kxg2 $2 {[%emt 0:01:41]} (15. f3 Bxf1 16. Kxf1) 15... Qg4+ {[%emt 0:00:08]} 16. Kh1 {[%emt 0:00:04]} Qf3+ {[%emt 0:00:11]} 17. Kg1 {[%emt 0:00:07]} Qg4+ {[%emt 0:10:14]} 18. Kh1 {[%emt 0:00:06]} Qf3+ {[%emt 0:00:30]} 19. Kg1 {[%emt 0:00:04]} Qg4+ {[%emt 0:00:27]} 20. Kh1 {[%emt 0:00:08]} Qf3+ $11 {[%emt 0:00:08]} 21. Kg1 Rf6 22. Rd1 Qh3 23. Bf1 Rg6+ {Bd3} 1/2-1/2